Discurso acerca de don Ignacio de Aso (Record no. 37443)

MARC details
000 -LEADER
campo de control de longitud fija 00720nam a2200193 i 4500
001 - NÚMERO DE CONTROL
campo de control 37443
003 - IDENTIFICADOR DE NÚMERO DE CONTROL
campo de control ES-MaACL
005 - FECHA Y HORA DE LA ÚLTIMA TRANSACCIÓN
campo de control 20230909212125.0
007 - CAMPO FIJO DE DESCRIPCIÓN FÍSICA--INFORMACIÓN GENERAL
campo de control de longitud fija t|
008 - DATOS DE LONGITUD FIJA--INFORMACIÓN GENERAL
campo de control de longitud fija 030221s1885 sp ||||1| spa d
080 ## - NÚMERO DE LA CLASIFICACIÓN DECIMAL UNIVERSAL
Número de la Clasificación Decimal Universal 33 Asso y del Río, Ignacio Jordán de
100 1# - ENTRADA PRINCIPAL--NOMBRE DE PERSONA
Nombre de persona Buen, Odón de,
Fechas asociadas al nombre 1863-1945
9 (RLIN) 32355
245 10 - MENCIÓN DEL TÍTULO
Título Discurso acerca de don Ignacio de Aso
Resto del título : pronunciado en el Círculo Aragonés de Madrid el 29 de noviembre 1884 /
Mención de responsabilidad, etc. Odón de Buen.
260 ## - PUBLICACIÓN, DISTRIBUCIÓN, ETC.
Lugar de publicación, distribución, etc. Madrid :
Nombre del editor, distribuidor, etc. [s.n.],
Fecha de publicación, distribución, etc. 1885 (
Fabricante Estab. Tip. de Alfredo Alonso)
300 ## - DESCRIPCIÓN FÍSICA
Extensión 31 p. ;
Dimensiones 20 cm.
600 14 - PUNTO DE ACCESO ADICIONAL DE MATERIA--NOMBRE DE PERSONA
Nombre de persona Asso y del Río, Ignacio Jordán de.
9 (RLIN) 23661
852 ## - LOCALIZACIÓN
Ubicación ES-MaACL
Número de control de estantería T-363-F-1
Nota libre - Dedicatoria autógrafa del autor
Holdings
Estatus retirado Estado de pérdida Fuente del sistema de clasificación o colocación Estado de daño No para préstamo Colección Biblioteca de origen Biblioteca actual Ubicación en estantería Fecha de adquisición Total de préstamos Signatura topográfica completa Código de barras Visto por última vez Precio de reemplazo Tipo de ítem Koha Nota pública
    Clasificación decimal universal     Colección de folletos Biblioteca del Ateneo de Madrid Biblioteca del Ateneo de Madrid Depósito folletos 17/01/2008   T-363-F-1 1039409 23/02/2023 23/02/2023 Folleto Dedicatoria autógrafa del autor